A GARDEN MISCELLANY : An Illustrated Guide to the Elements of the Garden

Bibliographic Details
Main Author: Staubach, Suzanne (Author)
Other Authors: Yellow, Julia (Illustrator)
Format: Book
Published: Portland, Oregon : Timber Press 2019
Subjects:

MARC

LEADER 00000cam a2200000 7i4500
001 0000278160
005 20240403130431.0
006 aa ###### ###
007 t
008 211216t20192019orua ###
020 |a 9781604698817 
090 0 0 |a 635   |b STA 
100 1 |a Staubach, Suzanne ,   |e author 
245 1 2 |a A GARDEN MISCELLANY :   |b An Illustrated Guide to the Elements of the Garden   |c Suzanne STAUBACH ; Illustrated by JULIA YELLOW 
264 1 |a Portland, Oregon :   |b Timber Press   |c 2019 
264 4 |c @2019 
300 |a 217 page :   |b colour illustrations ;   |c 25 cm. 
336 |a text  |2 rdacontent 
337 |a unmediated  |2 rdamedia 
338 |a volume  |2 rdacarrier 
650 0 |a Gardening 
650 0 |a Gardens   |v Miscellanea 
700 1 |a Yellow, Julia ,   |e illustrator 
999 |a 00391394   |b BUKU   |c PINJAMAN   |e PERPUSTAKAAN KOMUNITI PETALING JAYA